100 Biggest US Cities in 1850 - Statistics

General Stats
  • This quiz has been taken 46 times
  • The average score is 54 of 100
Answers on the Map
Answers color-coded by a green-red scale on the quiz's map according to % correct below.
 
Answer Stats
Population City % Correct
515,547 New York
97%
29,963 Chicago
94%
21,019 Detroit
94%
10,165 Nashville
94%
116,375 New Orleans
94%
136,881 Boston
91%
8,841 Memphis
91%
121,376 Philadelphia
91%
17,882 Columbus
88%
43,194 Louisville
88%
20,061 Milwaukee
88%
77,860 St. Louis
88%
40,001 Washington
88%
9,448 Augusta (GA)
85%
8,225 Augusta (ME)
85%
169,054 Baltimore
85%
42,261 Buffalo
85%
42,985 Charleston
85%
115,435 Cincinnati
85%
17,034 Cleveland
85%
8,091 Indianapolis
85%
8,728 Montgomery
85%
46,601 Pittsburgh
85%
36,403 Rochester
85%
50,763 Albany
82%
20,515 Mobile
82%
27,570 Richmond
82%
15,312 Savannah
82%
8,159 Lexington
79%
8,576 Concord
76%
13,555 Hartford
76%
20,815 Portland
76%
22,271 Syracuse
76%
38,894 Newark
73%
14,432 Norfolk
73%
41,513 Providence
73%
10,977 Dayton
70%
13,932 Manchester
70%
17,049 Worcester
70%
96,838 Brooklyn
67%
20,345 New Haven
67%
11,766 Springfield
67%
15,215 Cambridge
64%
8,452 Nantucket
64%
8,734 Alexandria
61%
14,190 Lafayette
61%
14,432 Bangor
58%
9,479 Camden
58%
13,979 Wilmington
58%
20,264 Salem
55%
8,921 Schenectady
55%
9,563 Newport
52%
13,944 Poughkeepsie
52%
33,383 Lowell
48%
11,334 Paterson
48%
28,785 Troy
48%
8,196 Dover
45%
21,262 Allegheny
42%
11,524 Fall River
42%
12,369 Lancaster
42%
16,443 New Bedford
42%
8,991 New London
42%
9,738 Portsmouth (NH)
42%
8,626 Portsmouth (VA)
42%
15,743 Reading
42%
17,565 Utica
42%
11,435 Wheeling
42%
14,257 Lynn
39%
9,548 Auburn
36%
9,408 Covington
36%
47,223 Northern Liberties
36%
8,366 Georgetown
30%
10,265 Norwich
30%
14,010 Petersburg
30%
8,291 Chicopee
27%
8,166 Elmira
27%
8,282 Lawrence
27%
12,205 Oswego
27%
10,232 Kingston
24%
8,181 New Albany
24%
10,019 New Brunswick
24%
11,415 Newburgh
24%
8,505 Seneca
24%
10,441 Taunton
24%
17,216 Charlestown
21%
8,811 Hempstead
21%
8,109 Danvers
18%
46,774 Kensington
18%
9,572 Newburyport
18%
18,364 Roxbury
18%
38,799 Southwark
18%
58,894 Spring Garden
18%
9,240 Fishkill
15%
12,323 Lockport
15%
8,595 Brookhaven
12%
26,979 Moyamensing
12%
11,500 Smithfield
12%
8,939 Penn
9%
30,780 Williamsburgh
9%
8,734 Chenango
6%
No matching quizzes found
Score Distribution
Percent of People with Each Score
Percentile by Number Answered
Your Score History
You have not taken this quiz